UNDERSTANDING AND MANAGEMENT OF SPECIAL CHILD IN PEDIATRIC DENTISTRY (Record no. 9845)

MARC details
000 -LEADER
fixed length control field 00384nam a22001457a 4500
020 ## - INTERNATIONAL STANDARD BOOK NUMBER
International Standard Book Number 978-93-5025-631-2
082 ## - DEWEY DECIMAL CLASSIFICATION NUMBER
Classification number 617.645,U12G
100 ## - MAIN ENTRY--PERSONAL NAME
Personal name GUPTA,PRIYA VERMA
245 ## - TITLE STATEMENT
Title UNDERSTANDING AND MANAGEMENT OF SPECIAL CHILD IN PEDIATRIC DENTISTRY
250 ## - EDITION STATEMENT
Edition statement 1ST
260 ## - PUBLICATION, DISTRIBUTION, ETC. (IMPRINT)
Place of publication, distribution, etc NEW DELHI
Name of publisher, distributor, etc JAYPEE BROTHERS
Year of Publication 2012
300 ## - PAGE DESCRIPTION
No. of Pages 490
650 ## - SUBJECT ADDED ENTRY--TOPICAL TERM
Topical term or geographic name as entry element PEDIATRIC DENTISTRY
942 ## - ADDED ENTRY ELEMENTS (KOHA)
Source of classification or shelving scheme Dewey Decimal Classification
Koha item type Books
Holdings
Withdrawn status Lost status Source of classification or shelving scheme Damaged status Not for loan Home library Current library Shelving location Date acquired Vendor Name Cost, normal purchase price SGTU Bill Number Total Checkouts Full call number Accession No. (Barcode) Date last seen Bill Date Koha item type
    Dewey Decimal Classification     SGT Dental Library SGT Dental Library Text Book 05/09/2016 ABC 995.00 SGTU 6923   617.645,U12G FD7401 05/09/2016   Books
    Dewey Decimal Classification     SGT Dental Library SGT Dental Library Text Book 05/09/2016 ABC 995.00 SGTU 6923   617.645,U12G FD7402 05/09/2016   Books